[Event "Tula Rjazanov Memorial"]
[Site "Tula"]
[Date "2016.02.10"]
[Round "5"]
[White "Kuznezov, Albert"]
[Black "Brikov, Illarion"]
[Result "0-1"]
[WhiteElo "2065"]
[BlackElo "2403"]
[PlyCount "48"]
[EventDate "2016.02.05"]
[EventType "swiss"]
[EventRounds "9"]
[EventCountry "RUS"]
[SourceTitle "CBM 171 Extra"]
[Source "ChessBase"]
[SourceDate "2016.04.26"]
[SourceVersion "1"]
[SourceVersionDate "2016.04.26"]
[SourceQuality "1"]

1. d4 Nf6 2. Nf3 g6 3. g3 Bg7 4. c4 0-0 5. Bg2 d5 6. cxd5 Nxd5 7. 0-0 Nb6 8. Nc3 Nc6 9. e3 Re8 10. b3 a5 11. a4 Bd7 12. Bb2 Nb4 13. Rc1 c6 14. h3 Be6 15. e4 Qd7 16. Ng5 Bxd4 17. Nxe6 fxe6 18. Qe2 Rad8 19. Kh2 e5 20. Rcd1 Qe6 21. Ba1 Qxb3 22. Rb1 Qc4 23. Qe1 Nc2 24. Qe2 Nxa1 0-1

[Event "Tula Rjazanov Memorial"]
[Site "Tula"]
[Date "2016.02.09"]
[Round "4"]
[White "Brikov, Illarion"]
[Black "Trubizin, Ivan"]
[Result "0-1"]
[WhiteElo "2403"]
[BlackElo "2117"]
[PlyCount "64"]
[EventDate "2016.02.05"]
[EventType "swiss"]
[EventRounds "9"]
[EventCountry "RUS"]
[SourceTitle "CBM 171 Extra"]
[Source "ChessBase"]
[SourceDate "2016.04.26"]
[SourceVersion "1"]
[SourceVersionDate "2016.04.26"]
[SourceQuality "1"]

1. e4 e5 2. Nf3 Nc6 3. Bb5 Nf6 4. 0-0 Nxe4 5. d4 Be7 6. Qe2 Nd6 7. Bxc6 bxc6 8. dxe5 Nb7 9. Nc3 0-0 10. Re1 Nc5 11. Nd4 Ne6 12. Be3 Rb8 13. b3 Bb4 14. Nxe6 fxe6 15. Bd2 Rf5 16. Rad1 Qh4 17. h3 Bc5 18. Be3 Rxe5 19. Qd3 Bb6 20. Bxb6 Rxe1+ 21. Rxe1 axb6 22. Re4 Qe7 23. Ne2 Bb7 24. Rd4 d6 25. Rg4 c5 26. Ng3 Rf8 27. Nh5 Rf7 28. Qe3 e5 29. c4 g6 30. f3 Kh8 31. Ng3 Bc8 32. Re4 Bf5 0-1

[Event "Tula Novikov Memorial"]
[Site "Tula"]
[Date "2014.07.28"]
[Round "8"]
[White "Brikov, Illarion"]
[Black "Kurilin, Alexander"]
[Result "1-0"]
[WhiteElo "2401"]
[BlackElo "2294"]
[PlyCount "81"]
[EventDate "2014.07.21"]
[EventType "tourn"]
[EventRounds "13"]
[EventCountry "RUS"]
[EventCategory "6"]
[SourceTitle "EXT 2015"]
[Source "ChessBase"]
[SourceDate "2014.11.20"]
[SourceVersion "1"]
[SourceVersionDate "2014.11.20"]
[SourceQuality "1"]

1. e4 c5 2. Nf3 d6 3. d4 cxd4 4. Nxd4 Nf6 5. Nc3 g6 6. Be3 Bg7 7. f3 0-0 8. Qd2 Nc6 9. Bc4 Bd7 10. h4 Rc8 11. Bb3 Ne5 12. 0-0-0 Nc4 13. Bxc4 Rxc4 14. h5 Nxh5 15. g4 Nf6 16. Nde2 Qa5 17. Bh6 Rfc8 18. Bxg7 Kxg7 19. Qh6+ Kg8 20. Rd3 Be6 21. g5 Nh5 22. Nf4 Qe5 23. Nxh5 gxh5 24. Qxh5 Qg7 25. f4 d5 26. Rhd1 Qg6 27. Qh6 Qxh6 28. gxh6 f6 29. f5 Bf7 30. Rg3+ Kf8 31. Rg7 d4 32. Rdg1 dxc3 33. Rxh7 cxb2+ 34. Kb1 e6 35. Rgg7 Ke7 36. Rxf7+ Kd6 37. Rxf6 Rxe4 38. Rxb7 Re5 39. Rxe6+ Rxe6 40. fxe6 Kxe6 41. Rxa7 1-0

[Event "Tula Novikov Memorial"]
[Site "Tula"]
[Date "2014.07.27"]
[Round "7"]
[White "Tishin, Petr"]
[Black "Brikov, Illarion"]
[Result "1/2-1/2"]
[WhiteElo "2410"]
[BlackElo "2401"]
[PlyCount "73"]
[EventDate "2014.07.21"]
[EventType "tourn"]
[EventRounds "13"]
[EventCountry "RUS"]
[EventCategory "6"]
[SourceTitle "EXT 2015"]
[Source "ChessBase"]
[SourceDate "2014.11.20"]
[SourceVersion "1"]
[SourceVersionDate "2014.11.20"]
[SourceQuality "1"]

1. e4 e5 2. Nf3 Nc6 3. Bb5 a6 4. Bxc6 dxc6 5. 0-0 f6 6. d4 exd4 7. Qxd4 Qxd4 8. Nxd4 Bd6 9. Nc3 Ne7 10. Be3 Bd7 11. Rad1 0-0-0 12. Nb3 Rhe8 13. Nc5 Bxc5 14. Bxc5 b6 15. Be3 c5 16. f3 Be6 17. Kf2 Nc6 18. Rxd8+ Rxd8 19. a3 Kb7 20. Rd1 Rxd1 21. Nxd1 Nd4 22. Bxd4 cxd4 23. Ke2 c5 24. Kd3 Kc6 25. c3 dxc3 26. Kxc3 f5 27. exf5 Bxf5 28. Ne3 Be6 29. f4 b5 30. g4 Kd6 31. b4 Bd7 32. h3 g6 33. Kd2 Bc6 34. Kc3 Bd7 35. Kd2 Bc6 36. Kc3 Bd7 37. Kd2 1/2-1/2

[Event "Tula Novikov Memorial"]
[Site "Tula"]
[Date "2014.07.26"]
[Round "5"]
[White "Zaitsev, Alexander"]
[Black "Brikov, Illarion"]
[Result "1-0"]
[WhiteElo "2416"]
[BlackElo "2401"]
[PlyCount "101"]
[EventDate "2014.07.21"]
[EventType "tourn"]
[EventRounds "13"]
[EventCountry "RUS"]
[EventCategory "6"]
[SourceTitle "EXT 2015"]
[Source "ChessBase"]
[SourceDate "2014.11.20"]
[SourceVersion "1"]
[SourceVersionDate "2014.11.20"]
[SourceQuality "1"]

1. e4 c5 2. Nf3 e6 3. d4 cxd4 4. Nxd4 Nc6 5. Nb5 d6 6. c4 Nf6 7. N5c3 Be7 8. Be2 0-0 9. 0-0 b6 10. Bf4 Bb7 11. Nd2 Rc8 12. Re1 Qc7 13. Rc1 Qb8 14. a3 Ne5 15. Bg3 a6 16. Bf1 Rfd8 17. Qe2 Ng6 18. b4 Re8 19. Qe3 Nd7 20. Na4 Bd8 21. c5 bxc5 22. Nxc5 Nxc5 23. bxc5 e5 24. Rb1 Rxc5 25. Bxa6 Rc7 26. Qb3 Ree7 27. Nc4 Qa8 28. Bxb7 Rxb7 29. Qd3 Bc7 30. Qd5 Rb8 31. Rxb8+ Qxb8 32. a4 Re8 33. Ra1 Ne7 34. Qb5 Rd8 35. f3 f6 36. Qxb8 Rxb8 37. a5 Kf7 38. a6 Ke6 39. a7 Ra8 40. Bf2 d5 41. exd5+ Nxd5 42. Rd1 h5 43. h4 f5 44. Ra1 e4 45. Ra6+ Kd7 46. fxe4 fxe4 47. Rg6 Nf4 48. Rxg7+ Kc6 49. Re7 Nd3 50. Be3 Ne1 51. Rxe4 1-0

[Event "Donskoj"]
[Site "Donskoj"]
[Date "2010.09.07"]
[Round "6"]
[White "Biriukov, Ilja"]
[Black "Brikov, Illarion"]
[Result "1/2-1/2"]
[WhiteElo "2285"]
[BlackElo "2395"]
[PlyCount "60"]
[EventDate "2010.09.04"]
[EventType "tourn"]
[EventRounds "15"]
[EventCountry "RUS"]
[EventCategory "6"]
[SourceTitle "EXT 2011"]
[Source "ChessBase"]
[SourceDate "2010.11.26"]
[SourceVersion "1"]
[SourceVersionDate "2010.11.26"]
[SourceQuality "1"]

1. d4 d5 2. Bf4 Bf5 3. e3 e6 4. Bd3 Bxd3 5. Qxd3 Bd6 6. Bxd6 Qxd6 7. Nf3 Nf6 8. 0-0 0-0 9. c4 c6 10. Nc3 Nbd7 11. cxd5 exd5 12. a3 Rfe8 13. Rac1 Ne4 14. Nd2 Nxd2 15. Qxd2 Re6 16. Ne2 Nb6 17. Nf4 Re7 18. Qc3 Nc4 19. a4 Qf6 20. b4 a6 21. Qd3 Qh4 22. b5 g5 23. Ne2 axb5 24. axb5 Qe4 25. Qxe4 Rxe4 26. bxc6 bxc6 27. Ra1 Ree8 28. Rfb1 Nd2 29. Rd1 Nc4 30. Rdb1 Nd2 1/2-1/2

[Event "Tula"]
[Site "Tula "]
[Date "2007.02.21"]
[Round "14"]
[White "Brikov, Illarion"]
[Black "Okrugin, Sergey"]
[Result "1-0"]
[WhiteElo "2395"]
[BlackElo "2350"]
[PlyCount "101"]
[EventDate "2007.02.13"]
[EventType "tourn"]
[EventRounds "15"]
[EventCountry "RUS"]
[EventCategory "7"]
[SourceTitle "EXT 2008"]
[Source "ChessBase"]
[SourceDate "2007.11.25"]
[SourceVersion "1"]
[SourceVersionDate "2007.11.25"]
[SourceQuality "1"]

1. e4 c5 2. c3 Nf6 3. e5 Nd5 4. d4 cxd4 5. cxd4 Nc6 6. Nf3 d6 7. Bc4 Nb6 8. Bb5 dxe5 9. Nxe5 Bd7 10. Bxc6 Bxc6 11. Nxc6 bxc6 12. 0-0 g6 13. Re1 Bg7 14. Bg5 0-0 15. Bxe7 Qxd4 16. Qxd4 Bxd4 17. Nd2 Rfe8 18. Ba3 Na4 19. Nc4 Rab8 20. Rxe8+ Rxe8 21. Kf1 Re6 22. Rc1 c5 23. Rc2 h5 24. Nd2 Kg7 25. b3 Nc3 26. Bxc5 Bxc5 27. Rxc3 Bb4 28. Rd3 f5 29. Rd4 a5 30. h4 Kf7 31. Nf3 Kf6 32. Rc4 Ke7 33. g3 Kd6 34. Rc2 Kd5 35. Re2 Rxe2 36. Kxe2 Kd6 37. Ng1 Kd5 38. Nh3 Bd6 39. Kd3 Kc5 40. Kc3 Be5+ 41. Kc2 Bd6 42. a4 Kb4 43. Nf4 Kc5 44. Nxg6 Bc7 45. Nf4 Bxf4 46. gxf4 Kd4 47. Kb2 Ke4 48. b4 axb4 49. Kb3 Kxf4 50. a5 Ke5 51. a6 1-0

[Event "Tula"]
[Site "Tula "]
[Date "2007.02.19"]
[Round "11"]
[White "Tahirov, Farhad"]
[Black "Brikov, Illarion"]
[Result "1-0"]
[WhiteElo "2545"]
[BlackElo "2395"]
[PlyCount "111"]
[EventDate "2007.02.13"]
[EventType "tourn"]
[EventRounds "15"]
[EventCountry "RUS"]
[EventCategory "7"]
[SourceTitle "EXT 2008"]
[Source "ChessBase"]
[SourceDate "2007.11.25"]
[SourceVersion "1"]
[SourceVersionDate "2007.11.25"]
[SourceQuality "1"]

1. d4 Nf6 2. c4 g6 3. g3 Bg7 4. Bg2 0-0 5. Nf3 d6 6. 0-0 Nbd7 7. Nc3 e5 8. Qc2 Re8 9. Rd1 c6 10. e4 exd4 11. Nxd4 Qe7 12. f3 Nc5 13. Be3 h5 14. Bf2 h4 15. Qd2 Nfd7 16. Nde2 h3 17. Bh1 Bf8 18. f4 a5 19. b3 Ra6 20. Re1 Qd8 21. Rad1 Qc7 22. Bf3 Ra8 23. Nc1 Qd8 24. Kh1 Ne6 25. Bg4 Qf6 26. Bxh3 Bg7 27. Bxe6 Qxe6 28. Bd4 Bxd4 29. Qxd4 Qg4 30. Qf2 Re6 31. Qe2 Qh3 32. Qg2 Qh8 33. Rd3 Nc5 34. Rde3 Qd4 35. Qe2 Bd7 36. Rd1 Qf6 37. Nd3 Nxd3 38. Rexd3 Rae8 39. Qf3 Bc8 40. Rd4 c5 41. R4d2 b6 42. Nd5 Qd8 43. f5 gxf5 44. Qxf5 Rxe4 45. Nf6+ Kf8 46. Qg5 Re1+ 47. Kg2 R8e2+ 48. Rxe2 Rxe2+ 49. Kf1 Re8 50. Qg8+ Ke7 51. Nd5+ Kd7 52. Qxf7+ Kc6 53. Re1 Rxe1+ 54. Kxe1 Bd7 55. Nf6 Bh3 56. g4 1-0

[Event "Tula"]
[Site "Tula "]
[Date "2007.02.17"]
[Round "8"]
[White "Brikov, Illarion"]
[Black "Novikov, Maxim"]
[Result "1/2-1/2"]
[WhiteElo "2395"]
[BlackElo "2510"]
[PlyCount "22"]
[EventDate "2007.02.13"]
[EventType "tourn"]
[EventRounds "15"]
[EventCountry "RUS"]
[EventCategory "7"]
[SourceTitle "EXT 2008"]
[Source "ChessBase"]
[SourceDate "2007.11.25"]
[SourceVersion "1"]
[SourceVersionDate "2007.11.25"]
[SourceQuality "1"]

1. e4 e5 2. Nf3 Nf6 3. Nc3 Nc6 4. Bc4 Bc5 5. d3 d6 6. 0-0 0-0 7. Bg5 h6 8. Bh4 Bg4 9. h3 Bh5 10. Nd5 g5 11. Bg3 Nd4 1/2-1/2

[Event "Tula"]
[Site "Tula "]
[Date "2007.02.15"]
[Round "4"]
[White "Brikov, Illarion"]
[Black "Abbasov, Farid"]
[Result "0-1"]
[WhiteElo "2395"]
[BlackElo "2444"]
[PlyCount "68"]
[EventDate "2007.02.13"]
[EventType "tourn"]
[EventRounds "15"]
[EventCountry "RUS"]
[EventCategory "7"]
[SourceTitle "EXT 2008"]
[Source "ChessBase"]
[SourceDate "2007.11.25"]
[SourceVersion "1"]
[SourceVersionDate "2007.11.25"]
[SourceQuality "1"]

1. e4 c5 2. Nf3 Nc6 3. Bb5 e6 4. 0-0 Nge7 5. c3 a6 6. Ba4 b5 7. Bc2 d5 8. e5 d4 9. Be4 d3 10. a4 b4 11. Re1 Bb7 12. Re3 Rc8 13. cxb4 cxb4 14. Rxd3 Qc7 15. Re3 Na5 16. Nc3 bxc3 17. Rxc3 Bc6 18. d3 Nd5 19. Bxd5 exd5 20. Be3 Bb4 21. Rc2 0-0 22. b3 d4 23. Bxd4 Qd7 24. Bb2 Bd5 25. Rxc8 Rxc8 26. Nd4 Nc6 27. Nf3 Rd8 28. Rc1 Qg4 29. d4 a5 30. Qd3 Qg6 31. Qe3 Bf8 32. h3 Rb8 33. Rc3 Qb1+ 34. Bc1 Rxb3 0-1

[Event "Donskoj"]
[Site "Donskoj"]
[Date "2005.09.20"]
[Round "10"]
[White "Brikov, Illarion"]
[Black "Castaneda, Georgui"]
[Result "0-1"]
[WhiteElo "2410"]
[BlackElo "2391"]
[PlyCount "42"]
[EventDate "2005.09.15"]
[EventType "tourn"]
[EventRounds "13"]
[EventCountry "RUS"]
[EventCategory "5"]
[SourceTitle "CBM 108 Extra"]
[Source "ChessBase"]
[SourceDate "2005.11.04"]
[SourceVersion "1"]
[SourceVersionDate "2005.11.04"]
[SourceQuality "1"]

1. e4 c5 2. Nf3 Nc6 3. c3 e5 4. Bc4 Qc7 5. d3 Nf6 6. a3 Be7 7. b4 a6 8. Nbd2 b5 9. Ba2 0-0 10. Nf1 a5 11. bxc5 Bxc5 12. Ne3 Bb7 13. 0-0 Ne7 14. Bd2 Rad8 15. Re1 d5 16. Nxd5 Nexd5 17. exd5 Ng4 18. d4 exd4 19. cxd4 Bxd4 20. Nxd4 Qxh2+ 21. Kf1 Rfe8 0-1

[Event "Donskoj"]
[Site "Donskoj"]
[Date "2005.09.17"]
[Round "4"]
[White "Brikov, Illarion"]
[Black "Igriashvili, Zurab"]
[Result "1/2-1/2"]
[WhiteElo "2410"]
[BlackElo "2279"]
[PlyCount "31"]
[EventDate "2005.09.15"]
[EventType "tourn"]
[EventRounds "13"]
[EventCountry "RUS"]
[EventCategory "5"]
[SourceTitle "CBM 108 Extra"]
[Source "ChessBase"]
[SourceDate "2005.11.04"]
[SourceVersion "1"]
[SourceVersionDate "2005.11.04"]
[SourceQuality "1"]

1. Nf3 Nf6 2. d4 g6 3. c4 Bg7 4. Nc3 0-0 5. e4 d6 6. Be2 e5 7. 0-0 Nc6 8. d5 Ne7 9. Nd2 Nd7 10. b4 f5 11. f3 a5 12. bxa5 Rxa5 13. Nb3 Ra8 14. Be3 f4 15. Bf2 b6 16. a4 1/2-1/2

[Event "Donskoj"]
[Site "Donskoj"]
[Date "2005.09.17"]
[Round "5"]
[White "Domogaev, Sergey"]
[Black "Brikov, Illarion"]
[Result "1/2-1/2"]
[WhiteElo "2340"]
[BlackElo "2410"]
[PlyCount "42"]
[EventDate "2005.09.15"]
[EventType "tourn"]
[EventRounds "13"]
[EventCountry "RUS"]
[EventCategory "5"]
[SourceTitle "CBM 108 Extra"]
[Source "ChessBase"]
[SourceDate "2005.11.04"]
[SourceVersion "1"]
[SourceVersionDate "2005.11.04"]
[SourceQuality "1"]

1. e4 g6 2. d4 Bg7 3. Nc3 d6 4. f4 Nf6 5. Nf3 c5 6. Bb5+ Bd7 7. e5 Ng4 8. e6 Bxb5 9. exf7+ Kd7 10. Nxb5 Qa5+ 11. Nc3 cxd4 12. Nxd4 Bxd4 13. Qxd4 Nc6 14. Qc4 Qb6 15. Qe2 h5 16. h3 Nh6 17. Bd2 Nf5 18. 0-0-0 Ng3 19. Qd3 Nxh1 20. Rxh1 Qc5 21. Qxg6 Rhf8 1/2-1/2

[Event "Donskoj"]
[Site "Donskoj"]
[Date "2005.09.16"]
[Round "3"]
[White "Arakeljan, Armen M"]
[Black "Brikov, Illarion"]
[Result "1/2-1/2"]
[WhiteElo "2351"]
[BlackElo "2410"]
[PlyCount "32"]
[EventDate "2005.09.15"]
[EventType "tourn"]
[EventRounds "13"]
[EventCountry "RUS"]
[EventCategory "5"]
[SourceTitle "CBM 108 Extra"]
[Source "ChessBase"]
[SourceDate "2005.11.04"]
[SourceVersion "1"]
[SourceVersionDate "2005.11.04"]
[SourceQuality "1"]

1. e4 e5 2. Nf3 Nf6 3. Nxe5 Qe7 4. d4 Nc6 5. Nc3 Nxe5 6. dxe5 Qxe5 7. f4 Qa5 8. Bd2 d6 9. Bb5+ Bd7 10. Bxd7+ Kxd7 11. e5 Re8 12. 0-0 dxe5 13. fxe5 Rxe5 14. Ne4 Qd5 15. Nxf6+ gxf6 16. Qg4+ f5 1/2-1/2